Naruto - Hôtes - Statistiques

Statistiques générales
  • Ce quiz a été pris 253 fois
    35 depuis la dernière actualisation
  • Le résultat moyen est 13 sur 18
Statistiques - réponses
Nom du bijû Nom du jinchûriki % Correct
Shukaku Gaara
100%
Kurama Naruto Uzumaki
97%
Kurama Kushina Uzumaki
90%
Jûbi Madara Uchiwa
90%
Jûbi Obito Uchiwa | Tobi
90%
Gyûki Killer B
84%
Kurama Minato Namikaze
84%
Saiken Utakata
74%
Isobu Yagura
71%
Chômei
68%
Kurama Mito Uzumaki
68%
Isobu Rin Nohara
65%
Matatabi Yugito Nii
61%
Jûbi Hagoromo Ôtsutsuki
58%
Kokuô Han
55%
Son Gokû Rôshi
55%
Gyûki Fukaï | Blue B
29%
Shukaku Bunpuku
23%
Aucun quiz correspondant
Distribution des résultats
% des personnes avec chaque résultat
Percentile par nombre de réponses
Votre historique - résultats
Vous n’avez pas pris ce quiz depuis la dernière actualisation